| 000 | 01444nam0a22003011 4500 | ||
|---|---|---|---|
| 001 | rc\4276932 | ||
| 005 | 20260408080216.0 | ||
| 021 |
_aRU _b[65-12782] |
||
| 035 | _a(NLR Aleph) 008492020 | ||
| 090 |
_a8056068 _c8056068 |
||
| 100 | _a20130416d1965 |||y0rusy50 ca | ||
| 101 | 0 | _arus | |
| 102 | _aRU | ||
| 105 | _ay ac ||||| | ||
| 200 | 1 |
_aБиблиографический аннотированный указатель литературы по механизации учета и вычислительных работ (за 1954-1963 гг.) _fЦСУ СССР. Гл. упр. вычислит. работ |
|
| 210 |
_aМосква _c[Статистика] _d1965 |
||
| 215 |
_a272 с. _d22 |
||
| 300 | _aНа 4-й с. сост.: О.И. Коростелева и С.В. Пясковский | ||
| 606 |
_aМеханизированный учет _jБиблиография _2psbo |
||
| 606 |
_aСчетные машины и приборы, вычислительные _jБиблиография _2psbo |
||
| 702 | 1 |
_aПясковский _bС.В. _4220 |
|
| 702 | 1 |
_aКоростелева _bО.И. _4220 |
|
| 712 | 0 | 1 |
_aСССР _bЦентральное статистическое управление _bГлавное управление вычислительных работ _9680506 _3RU\NLR\AUTH\8810089529 |
| 801 | 0 |
_aRU _bNLR _gpsbo |
|
| 801 | 1 |
_aRU _bELAR _2rusmarc |
|
| 852 |
_aNLR _jС749-420/Б59 |
||
| 942 | _cBOOK | ||
| 980 | _aNB | ||